Biblioteca

The shape of the liturgy (Registro nro. 45354)

Detalles MARC
000 -LÍDER
Campo fijo de descripción fija 02180aam a2200325 i 4500
001 - NÚMERO DE CONTROL
Campo de control 768714001
003 - IDENTIFICADOR DEL NÚMERO DE CONTROL
Campo de control CO-MdFUSB
005 - FECHA Y HORA DE LA ULTIMA TRANSACCIÓN
control field 20200528124743.0
007 - CAMPO FIJO DE DESCRIPCIÓN FIJA--INFORMACIÓN GENERAL
Campo fijo de descripción fija ta
008 - ELEMENTOS DE LONGITUD FIJA -- INFORMACIÓN GENERAL
Campo fijo de descripción fija -- Información general 200528s1945 enka|||| |||| 00| 0 eng d
020 ## - NÚMERO INTERNACIONAL NORMALIZADO PARA LIBROS
Número Internacional Normalizado del libro [No incluye ISBN]
040 ## - FUENTE DE CATALOGACIÓN
Idioma de catalogación spa.
Agencia de catalogación original CO-MdFUSB
Agencia que realiza la transcripción CO-MdFUSB
Agencia que realiza la modificación CO-MdFUSBC
Convenciones de la descripción rda
041 ## - CÓDIGO DE IDIOMA
Código de idioma para texto/pista de sonido o título separado eng
082 04 - NÚMERO DE CLASIFICACIÓN DECIMAL DEWEY
Número de la edición del Dewey 23
Número de clasificación 265.3
Clave de autor-Numero de item D619
100 1# - ASIENTO PRINCIPAL--NOMBRE PERSONAL
Nombre personal Dix, Dom Gregory
Término relacionador autor
245 14 - TÍTULO
Título del Material The shape of the liturgy
Mención de responsabilidad, etc. / Dom Gregory Dix
264 #1 - PRODUCCIÓN, PUBLICACIÓN, DISTRIBUCIÓN, MANUFACTURA, Y COPYRIGHT
Lugar de producción, publicación, distribución, manufactura Glasgow, Gran Bretaña :
Nombre del productor, publicador, distribuidor Dacre Press,
Fecha de producción, publicación, distribución, manufactura, o copyright [1945]
264 #4 - PRODUCCIÓN, PUBLICACIÓN, DISTRIBUCIÓN, MANUFACTURA, Y COPYRIGHT
Fecha de producción, publicación, distribución, manufactura, o copyright © 1945
300 ## - DESCRIPCIÓN FÍSICA
Extensión xix, 764 páginas
Dimensiones ; 23 cm
336 ## - TIPO DE CONTENIDO
Término de tipo de contenido texto
Código de tipo de contenido txt
Fuente rdacontent
337 ## - TIPO DE MEDIO
Fuente rdamedia
Nombre del tipo de medio sin mediación
Código del tipo de medio n
338 ## - TIPO DE SOPORTE
Fuente rdacarrier
Nombre del tipo de soporte volumen
Código Tipo de soporte nc
505 ## - NOTA DE CONTENIDO
Nota de contenido con formato preestablecido Introducción: el propósito de este ensayo - La liturgia y la acción eucarística - La realización de la liturgia - La forma clásica de la liturgia - Eucaristía y la Cena del Señor - La forma clásica de la liturgia - El pre Antecedentes de niceno en la liturgia -<br/>La oración eucarística - Detrás de las tradiciones locales - El significado de la Eucaristía - La teología de la consagración - El<br/> santificación del tiempo - El desarrollo del ceremonial - La realización de la forma de la liturgia - Oraciones variables en la Eucaristía - El desarrollo medieval - La reforma y la liturgia anglicana - A lo largo de todas las edades, un mundo sin fin.
505 00 - NOTA DE CONTENIDO
Nota de contenido con formato preestablecido Introduction: the purpose of this essay -- The liturgy and the eucharistic action -- The performance of the liturgy -- The classical shape of the liturgy -- Eucharist and Lord' Supper -- The classical shape of the liturgy -- The pre-Nicene background on the liturgy --<br/>The Eucharistic prayer --Behind the local traditions -- The meaning of the Eucharist -- The theology of consecration --The <br/> sanctification of time -- The development of ceremonial -- The completion of the shape of the liturgy -- Variable prayers at the Eucharist --The mediaeval development -- The reformation and the Anglican liturgy -- Throughout all ages, world without end.
563 ## - NOTA DE ENCUADERNACIÓN
Nota de encuadernación Pasta dura
650 #7 - ASIENTO SECUNDARIO DE MATERIA - TERMINO TEMÁTICO
9 (RLIN) 206
Término temático o nombre geográfico como elemento de entrada Liturgia
942 ## - TIPO DE MATERIAL (KOHA)
Tipo de Item KOHA Libros General
945 ## - INFORMACIÓN LOCAL DEL REGISTRO
Catalogador JTF-925
Existencias
Estado de Material Estado de Perdido Forma de Clasificación Estado de Dañado No para Préstamo Colección Tomo Biblioteca de Origen Biblioteca Permanente Fecha de Adquisición Área Total de Préstamos Signatura Topográfica Código de Barras Última vez visto Última vez Préstado Ejemplar/Existencia Fecha de Remplazo Tipo de Material
    Dewey Decimal Classification     Colección General   Biblioteca FUSBC Biblioteca FUSBC 28/05/2020 TEOLOGÍA CRISTIANA 2 G 265.3 D619s 18989 18/03/2026 13/03/2026 1 26/01/2016 Libros General

Biblioteca FUSBC | Teléfono: (57+4) 349 88 10 Ext. 141| WhatsApp (+57) 3005338115 
E-mail: biblioteca@unisbc.edu.co | Calle 76 87-14 Robledo Palenque, Medellín, Colombia

Con tecnología Koha